Comenius asztronomiai világképe

Die Invention dieser Forschung wird durch die astronomischen Ausführungen in dem Weik Orbis pictus gegeben. Mit der Hilfe der wichtigsten naturphilosophischen Schriften von Comenuis, mit dem Hintergrund der zeitgenössischen kosmologischen Auseinandersetzungen und einer Handschrift von Kopernik aus d...

Teljes leírás

Elmentve itt :
Bibliográfiai részletek
Szerző: Szőnyi György Endre
Dokumentumtípus: Cikk
Megjelent: 1981
Sorozat:Acta historiae litterarum hungaricarum 18
Kulcsszavak:Comenius Johannes Amos, Irodalomtudomány
Online Access:http://acta.bibl.u-szeged.hu/946
LEADER 01261nab a2200193 i 4500
001 acta946
005 20210420125117.0
008 161015s1981 hu o 0|| hun d
022 |a 0586-3708 
040 |a SZTE Egyetemi Kiadványok Repozitórium  |b hun 
041 |a hun 
100 1 |a Szőnyi György Endre 
245 1 0 |a Comenius asztronomiai világképe  |h [elektronikus dokumentum] /  |c  Szőnyi György Endre 
260 |c 1981 
300 |a 71-74 
490 0 |a Acta historiae litterarum hungaricarum  |v 18 
520 3 |a Die Invention dieser Forschung wird durch die astronomischen Ausführungen in dem Weik Orbis pictus gegeben. Mit der Hilfe der wichtigsten naturphilosophischen Schriften von Comenuis, mit dem Hintergrund der zeitgenössischen kosmologischen Auseinandersetzungen und einer Handschrift von Kopernik aus der Comenius-Bibliothek werden die astronomischen Kenntnisse von Comenius — zugleich seine Kenntnisse über die kopernikanischen Gedanken — rekonstruiert. Im Aufsatz wird auf den Widerspruch eines modernen Systematikers und eines sich der Neuen enthaltenden „Schwärmers" bei Comenius hingewiesen. 
695 |a Comenius Johannes Amos, Irodalomtudomány 
856 4 0 |u http://acta.bibl.u-szeged.hu/946/1/hist_litt_hung_018_071-074.pdf  |z Dokumentum-elérés